00481nas a2200217 4500000000100000008004100001260001300042653000900055653001100064653001100075653001200086653000900098100002000107700002100127700001900148700001300167245005200180300001000232490000700242022001400249 1968 d c1968 Jun10aAged10aAinhum10aHumans10aleprosy10aMale1 aUsandivaras R L1 aDe los Ríos E H1 aAlperovich B A1 aLópez J00a[Ainhum in a patient with lepromatous leprosy]. a175-80 v18 a0066-6750